00888nam a2200217 a 450000100060000000300090000600500170001500800410003202000150007304000280008808200210011610000280013724500220016526000410018730000080022850502240023659001540046065000270061494200120064199900170065320730CO-ViMGA20230915231526.0141112s2004 ck r 000 u spa d a9589728960 aCO-ViMGAbspacCO-ViMGA04a Fr Co 861 C151f1 aCamacho O., Nayib9556210aFrente al ángel aVillavicencio, cEntreletras, c2002 a89p aI Parte : Iniciado Ángel y cal, Mantra, Anhelo, Lecturas, Reencarnación, Restauración 20 - - II Parte : Terrenal Contemplación, nosotros, cantante, Brújula, Redención, Libre, Aventura, Paseo, cena, Mirada 58 aForma de adquisición : Donación - - Precio : 10000 - - Proveedor : Corporación orinoquia tierra mágica - - Fecha de adquisición : Mayo 200614aPOESIA COLOMBIANA9163 2ddccBK c29706d29706